| 000 | 01074nam a2200169 i 4500 | ||
|---|---|---|---|
| 001 | 102486 | ||
| 003 | ES-MaACL | ||
| 005 | 20230906183123.0 | ||
| 007 | t| | ||
| 008 | 160226s1862 sp ||||1| spa d | ||
| 245 | 0 | 0 |
_aColección legislativa de Estadística / _cpublicada por acuerdo de la misma Junta general de Estadística. |
| 260 |
_aMadrid : _b[s.n.], _c1862 ( _fImp. Nacional) |
||
| 300 |
_aXL, 506 p. ; _c26 cm. |
||
| 500 | _aEn port.: Comprende una ojeada sobre la estadística de los tiempos antiguos, un índice de las disposiciones referentes al ramo consignadas en los tomos de Decretos hasta la creación de la Comisión general, otro de las que sobre la estadística de los ramos que tienen á su cargo han dictado posteriormente á aquella época los diferentes centros de la Administración pública; y por último las Leyes, Reales decretos, reales órdenes y disposiciones de la Comisión (hoy Junta general de Estadística) sobre los objetos de su instituto. | ||
| 650 | 4 |
_aEstadística- _vLegislación- _zEspaña. _9158863 |
|
| 852 |
_aES-MaACL _jC-12807 |
||
| 999 |
_c102486 _d102486 |
||